Fire risk management in the workplace : a guide for employers. (Record no. 101524)
[ view plain ]
| 000 -LEADER | |
|---|---|
| fixed length control field | 00779cam a2200277 4500 |
| 001 - CONTROL NUMBER | |
| control field | |
| 008 - FIXED-LENGTH DATA ELEMENTS--GENERAL INFORMATION | |
| fixed length control field | 000000n2000 000 0 eng u |
| 020 ## - INTERNATIONAL STANDARD BOOK NUMBER | |
| International Standard Book Number | 1902790049 |
| 035 ## - SYSTEM CONTROL NUMBER | |
| System control number | (Sirsi) u113515 |
| 050 ## - LIBRARY OF CONGRESS CALL NUMBER | |
| Classification number | 692.21 |
| 100 ## - MAIN ENTRY--PERSONAL NAME | |
| Personal name | Lewis, Adair |
| 100 ## - MAIN ENTRY--PERSONAL NAME | |
| Personal name | Dailey, William |
| 110 ## - MAIN ENTRY--CORPORATE NAME | |
| Corporate name or jurisdiction name as entry element | Fire Protection Association |
| 9 (RLIN) | 231 |
| 245 ## - TITLE STATEMENT | |
| Title | Fire risk management in the workplace : a guide for employers. |
| 250 ## - EDITION STATEMENT | |
| Edition statement | 2nd ed. |
| 260 ## - PUBLICATION, DISTRIBUTION, ETC. | |
| Place of publication, distribution, etc. | London |
| Name of publisher, distributor, etc. | Fire Protection Association |
| -- | 2000 |
| 300 ## - PHYSICAL DESCRIPTION | |
| Extent | 160p. : ill. ; 21cm. |
| 350 ## - PRICE (NR) (BK AM CF MU VM SE) [OBSOLETE] | |
| Price | 15.00 |
| 490 ## - SERIES STATEMENT | |
| Series statement | Library of Fire Safety |
| Volume/sequential designation | 5 |
| 650 ## - SUBJECT ADDED ENTRY--TOPICAL TERM | |
| Topical term or geographic name entry element | RISK ASSESSMENT |
| 650 ## - SUBJECT ADDED ENTRY--TOPICAL TERM | |
| Topical term or geographic name entry element | ARSON |
| 650 ## - SUBJECT ADDED ENTRY--TOPICAL TERM | |
| Topical term or geographic name entry element | TERRORISM |
| 650 ## - SUBJECT ADDED ENTRY--TOPICAL TERM | |
| Topical term or geographic name entry element | FIRE PRECAUTIONS (WORKPLACE) REGULATIONS 1997 |
| 690 ## - LOCAL SUBJECT ADDED ENTRY--TOPICAL TERM (OCLC, RLIN) | |
| Topical term or geographic name as entry element | Health and safety |
| 9 (RLIN) | 6244 |
| 942 ## - ADDED ENTRY ELEMENTS (KOHA) | |
| Suppress in OPAC | 0 |
| Withdrawn status | Lost status | Source of classification or shelving scheme | Damaged status | Not for loan | Home library | Current library | Shelving location | Date acquired | Cost, normal purchase price | Total Checkouts | Full call number | Barcode | Date last seen | Date last checked out | Copy number | Cost, replacement price | Price effective from | Koha item type |
|---|---|---|---|---|---|---|---|---|---|---|---|---|---|---|---|---|---|---|
| Dewey Decimal Classification | London | London | Books | 12/07/2001 | 15.00 | 8 | 692.21 LEW | 30064618 | 06/08/2019 | 08/01/2010 | 1 | 15.00 | 06/08/2019 | Book |